000 00590nam a2200169 4500
001 139065
003 ES-MaACL
005 20230906195709.0
007 t|
008 070214s1973 sp r ||||1| spa d
100 1 _aSaranyana, Josep-Ignasi.
_9103759
245 1 0 _aIntroducción a la historia de las doctrinas económicas sobre la población /
_cJosep-Ignasi Saranyana.
260 _aMadrid :
_bConfederación Española de Cajas de Ahorro,
_c1973.
300 _a171 p. ;
_c21 cm.
710 2 _aConfederación Española de Cajas de Ahorros.
_93148
852 _aES-MaACL
_jC-55989
_bR.88414
999 _c139065
_d139065